| 000 | 00716nam a2200205Ia 4500 | ||
|---|---|---|---|
| 001 | 39420 | ||
| 003 | OSt | ||
| 005 | 20150622112522.0 | ||
| 008 | 140423s9999 xx 000 0 und d | ||
| 020 | _aNA | ||
| 040 | _cPK-LaUMT | ||
| 082 |
_a 954.0258 _bHAM-A |
||
| 100 | _aHameed ud Din Khan(حمید الدین خان ) | ||
| 245 |
_aAhkaam-e-Alamgeri (Urdu)(احکام عالمگیری) _cHameed ud Din Khan<>Khalid Hasan Qadri(حمید الدین خان ، خالد حسن قادری) |
||
| 260 |
_aLahore,Pakistan:(لاہور، پاکستان ) _bIdarah-e-Sikaft-e-Islamia,(ادارہ ثقافت اسلامیہ) _c1993 |
||
| 300 | _a185 p. | ||
| 546 | _aUR | ||
| 700 | _aKhalid Hasan Qadri | ||
| 942 |
_cBK _2ddc |
||
| 999 |
_c38729 _d38729 |
||